Procedimiento de diseño e implementación de circuitos digitales utilizando herrramientas EDA de código abierto
Uloženo v:
| Hlavní autor: | |
|---|---|
| Médium: | Kniha |
| Vydáno: |
[San José, Costa Rica]
2008
|
| Témata: | |
| Tagy: |
Přidat tag
Žádné tagy, Buďte první, kdo vytvoří štítek k tomuto záznamu!
|
MARC
| LEADER | 00000nam a2200000Ia 4500 | ||
|---|---|---|---|
| 003 | 010365 | ||
| 005 | 20221231144057.0 | ||
| 008 | 140114s2008 cr a 000 ||s d | ||
| 040 | |c cru CEDI | ||
| 090 | |a TFG 5703 | ||
| 100 | |a Castro Jiménez, Gerardo |9 4244 | ||
| 245 | |a Procedimiento de diseño e implementación de circuitos digitales utilizando herrramientas EDA de código abierto | ||
| 260 | |c 2008 |b [San José, Costa Rica] | ||
| 300 | |a xiii, 59 hojas, 142 páginas; ilustraciones | ||
| 500 | |a Tesis (licenciatura en ingeniería eléctrica)--Universidad de Costa Rica. Facultad de Ingeniería. Escuela de Ingeniería Eléctrica | ||
| 650 | |x CIRCUITOS INTEGRADOS DIGITALES |x DISEÑO |x ELECTRONICA DIGITAL |x VERILOG (LENGUAJE PARA DESCRIPCION DE EQUIPO DE COMPUTACION) |x VHDL (LENGUAJE PARA DESCRIPCION DE EQUIPO PARA COMPUTADORA) |x CIRCUITOS INTEGRADOS PARA APLICACIONES ESPECIFICAS |9 4245 | ||
| 942 | |c TFG | ||
| 999 | |c 16556 |d 16556 | ||
